Catalog

Record Details

Catalog Search



New Headway Intermediate Workbook : with key  Cover Image Book Book

New Headway Intermediate Workbook : with key / John and Liz Soars

Record details

  • ISBN: 978-0-19-477023-1 :
  • Physical Description: 102 s. : il. ; 28 cm
  • Edition: 4th ed.
  • Publisher: Oxford : Oxford University Press, c2012

Available copies

  • 1 of 1 copy available at Common Catalog SPOK.

Holds

  • 0 current holds with 1 total copy.
Show Only Available Copies
Location Call Number / Copy Notes Barcode Shelving Location Status Due Date
Department of Languages AC 424480037926 Příruční knihovna (KJZ) - ptejte se knihovníka Available -

LDR 00808nam a2200253 a 4500
00124435
003CZ-PrJAB
00520161230143550.0
008130725s2012 xxk u eng
020 . ‡a978-0-19-477023-1 : ‡c260.00 Kč
035 . ‡a(CZ PrSKC)KN3160000000255071
040 . ‡aPIG001 ‡bcze
072 7. ‡a81 ‡xLingvistika. Jazyky ‡2Konspekt ‡911
080 . ‡a811.111
1001 . ‡aSoars, John, ‡d1951- ‡7xx0012507 ‡4aut
24510. ‡aNew Headway Intermediate Workbook : ‡bwith key / ‡cJohn and Liz Soars
250 . ‡a4th ed.
260 . ‡aOxford : ‡bOxford University Press, ‡cc2012
300 . ‡a102 s. : ‡bil. ; ‡c28 cm
4901 . ‡aIntermediate
6530 . ‡aangličtina ‡agramatika ‡apracovní knihy ‡aučebnice
7001 . ‡aSoars, Liz, ‡d1945- ‡7xx0012506 ‡4aut
910 . ‡aABG312
901 . ‡a24435 ‡b ‡c24435 ‡tbiblio

Additional Resources